De droite ou de gauche? - Clic Quiz #5 - Statistiques

Statistiques générales
  • Ce quiz a été pris 3 913 fois
  • Le résultat moyen est 11 sur 15
Statistiques - réponses
Hint Réponse % Correct
La cravate Droite
96%
Les allocations Gauche
94%
Le mariage Droite
90%
Le Festival de Woodstock Gauche
88%
Le Brexit Droite
86%
La décroissance Gauche
82%
Le Canal de Suez Droite
82%
L'Algérie française Droite
80%
Le rouge Gauche
77%
Le Canard enchaîné Gauche
75%
La moustache Droite
71%
Jean-Frédéric Poisson Droite
63%
La Convention Gauche
51%
Michel Foucault Gauche
46%
Pokémon Droite
26%
Aucun quiz correspondant
Distribution des résultats
% des personnes avec chaque résultat
Percentile par nombre de réponses
Votre historique - résultats
Vous n’avez pas pris ce quiz